|
|
|
|
| LEADER |
01337nam a2200313 a 4500 |
| 001 |
0017763 |
| 003 |
BD-DhAAL |
| 008 |
100114s2008 nyua b 001 0 eng d |
| 010 |
|
|
|a 2003065494
|
| 020 |
|
|
|a 1403932913
|
| 020 |
|
|
|a 0230217079
|
| 040 |
|
|
|a DLC
|c DLC
|d C#P
|d IBS
|d DLC
|d BD-DhAAL
|
| 082 |
0 |
0 |
|a 302.23014
|2 22
|
| 100 |
1 |
|
|a Koller, Veronika,
|d 1973-
|9 58250
|
| 245 |
1 |
0 |
|a Metaphor and gender in business media discourse :
|b a critical cognitive study /
|c Veronika Koller.
|
| 260 |
|
|
|a New York :
|b Palgrave Macmillan,
|c 2008.
|
| 300 |
|
|
|a xi, 244 p. :
|b ill. ;
|c 23 cm
|
| 504 |
|
|
|a Includes bibliographical references (pages 229-242) and index.
|
| 526 |
|
|
|a ENH
|x Sohana Manzoor
Faculty Member of BRAC University
|
| 541 |
1 |
|
|e 00017763
|a Karim International
|
| 650 |
|
0 |
|a Mass media and language.
|
| 650 |
|
0 |
|a Metaphor.
|9 58251
|
| 650 |
|
0 |
|a Language and languages
|x Sex differences.
|9 58252
|
| 650 |
|
0 |
|a Business
|x Language.
|9 58253
|
| 650 |
|
0 |
|a Discourse analysis.
|
| 852 |
4 |
|
|a Ayesha Abed Library
|c General Stacks
|
| 942 |
|
|
|2 ddc
|c BK
|
| 999 |
|
|
|c 6994
|d 6994
|
| 952 |
|
|
|0 0
|1 0
|2 ddc
|4 0
|6 302_230140000000000_KOL_2008
|7 0
|9 7249
|a BRACUL
|b BRACUL
|c GEN
|d 2010-01-17
|e Karim International
|g 1949.00
|l 2
|m 1
|o 302.23014 KOL
|p 3010017763
|r 2015-01-19
|s 2015-01-14
|t 1
|w 2010-01-17
|y BK
|x Requisitioned by Sohana Manzoor (Faculty member of BRAC University).
|